Music Quiz

Random Music or Kpop Quiz

TWICE Candy Pop Era Quiz Stats

 Plays Quiz not verified by Sporcle

Score 0/9 Timer 01:00
2 Plays Today
% Correct
Jeongyeon
98.6%
Dahyun
97.7%
Tzuyu
97.7%
Momo
97.2%
Chaeyoung
95.8%
Nayeon
95.3%
Jihyo
94.9%
Sana
94.4%
Mina
93.9%

You're not logged in!

Compare scores with friends on all Sporcle quizzes.
OR
Log In

Show Comments

Extras

Top Quizzes Today


Score Distribution

Your Account Isn't Verified!

In order to create a playlist on Sporcle, you need to verify the email address you used during registration. Go to your Sporcle Settings to finish the process.

Report this User

Report this user for behavior that violates our Community Guidelines.

Details: